书目信息 |
| 题名: |
化学与环境
|
|
| 作者: | 任仁 编 | |
| 分册: | ||
| 出版信息: | 北京 化学工业出版社 2005 |
|
| 页数: | 336页 | |
| 开本: | 24cm | |
| 丛书名: | ||
| 单 册: | ||
| 中图分类: | X13 | |
| 科图分类: | ||
| 主题词: | 环境化学--基本知识 , 环境化学 | |
| 电子资源: | ||
| ISBN: | 7-5025-6839-5 | |
| 000 | 00816nam0 2200265 450 | |
| 001 | 002938775 | |
| 005 | 20050905164630.0 | |
| 010 | @a7-5025-6839-5@dCNY42.00 | |
| 035 | @a002938775 | |
| 100 | @a20050317d2005 em y0chiy0110 ea | |
| 101 | 0 | @achi |
| 102 | @aCN@b110000 | |
| 105 | @aa z 000yy | |
| 106 | @ar | |
| 200 | 1 | @a化学与环境@Ahua xue yu huan jing@f任仁等编@Fren ren deng bian |
| 205 | @a2版 | |
| 210 | @a北京@c化学工业出版社@d2005 | |
| 215 | @a336页@c折图@d24cm | |
| 330 | @a本书介绍了化学平衡原理、电化学、物质结构知识、几个化学分支学科的知识、有机化学反应与高分子材料、现代分析测试技术等15章内容。 | |
| 606 | 0 | @a环境化学@x基本知识 |
| 606 | 0 | @a环境化学 |
| 690 | @aX13@v4 | |
| 701 | 0 | @a任仁@Aren ren@c(环境化学)@4编 |
| 801 | 0 | @aCN@bNLC@c20050906 |
| 905 | @dX13@e100=2 @f5 | |
| 化学与环境/任仁等编.-2版.-北京:化学工业出版社,2005 |
| 336页:折图;24cm |
| ISBN 7-5025-6839-5:CNY42.00 |
| 本书介绍了化学平衡原理、电化学、物质结构知识、几个化学分支学科的知识、有机化学反应与高分子材料、现代分析测试技术等15章内容。 |
| ● |
| 相关链接 |
|
|
|
|
正题名:化学与环境
索取号:X13/100=2
 
预约/预借
| 序号 | 登录号 | 条形码 | 馆藏地/架位号 | 状态 | 备注 |
| 1 | 0578257 | 205782571 | 第二样本阅览室/ [索取号:X13/100=2] | 在馆 | |
| 2 | 0578258 | 205782580 | 第三借阅区/ [索取号:X13/100=2] | 在馆 | |
| 3 | 0578259 | 205782599 | 第三借阅区/ [索取号:X13/100=2] | 在馆 | |
| 4 | 0578260 | 205782606 | 第三借阅区/ [索取号:X13/100=2] | 在馆 | |
| 5 | 0578261 | 205782615 | 第三借阅区/ [索取号:X13/100=2] | 在馆 | |
| 6 | 0578262 | 205782624 | 第三借阅区/ [索取号:X13/100=2] | 在馆 | |
| 7 | 0578263 | 205782633 | 第三借阅区/ [索取号:X13/100=2] | 在馆 | |
| 8 | 0578264 | 205782642 | 第三借阅区/ [索取号:X13/100=2] | 在馆 | |
| 9 | 0850949 | 208509498 | 第三借阅区/ [索取号:X13/100=2] | 在馆 | |
| 10 | 0850950 | 208509504 | 第三借阅区/ [索取号:X13/100=2] | 在馆 | |
| 11 | 0850951 | 208509513 | 第三借阅区/ [索取号:X13/100=2] | 在馆 | |
| 12 | 0850952 | 208509522 | 第三借阅区/ [索取号:X13/100=2] | 在馆 | |
| 13 | 0850953 | 208509531 | 第三借阅区/ [索取号:X13/100=2] | 在馆 |